Monografía de las aguas y baños minero-termo-medicinales de Alhama de Aragón / (Record no. 161460)

MARC details
000 -LEADER
campo de control de longitud fija 00914nam a22002055i 4500
001 - NÚMERO DE CONTROL
campo de control 161460
003 - IDENTIFICADOR DE NÚMERO DE CONTROL
campo de control ES-MaACL
005 - FECHA Y HORA DE LA ÚLTIMA TRANSACCIÓN
campo de control 20230906212305.0
008 - DATOS DE LONGITUD FIJA--INFORMACIÓN GENERAL
campo de control de longitud fija 000425s1860 sp |||| | spa d
080 ## - NÚMERO DE LA CLASIFICACIÓN DECIMAL UNIVERSAL
Número de la Clasificación Decimal Universal 615.838(460.224 Alhama de Aragón)
100 1# - ENTRADA PRINCIPAL--NOMBRE DE PERSONA
Nombre de persona Parraverde y Aguilar, Tomás.
9 (RLIN) 130868
245 10 - MENCIÓN DEL TÍTULO
Título Monografía de las aguas y baños minero-termo-medicinales de Alhama de Aragón /
Mención de responsabilidad, etc. por Tomás Parraverde y Aguilar.
260 ## - PUBLICACIÓN, DISTRIBUCIÓN, ETC.
Lugar de publicación, distribución, etc. Madrid :
Nombre del editor, distribuidor, etc. [s.n.],
Fecha de publicación, distribución, etc. 1860 (
Fabricante Imp. de Gabriel Alhambra)
300 ## - DESCRIPCIÓN FÍSICA
Extensión XIX, 143 p. ;
Dimensiones 21 cm.
530 ## - NOTA DISPONIBLE DE FORMULARIO FÍSICO ADICIONAL
Nota de formato físico adicional disponible Disponible en formato digital.
650 #4 - PUNTO DE ACCESO ADICIONAL DE MATERIA--TÉRMINO DE MATERIA
Término de materia o nombre geográfico como elemento de entrada Balnearios-
Subdivisión geográfica Alhama de Aragón.
9 (RLIN) 175984
650 #4 - PUNTO DE ACCESO ADICIONAL DE MATERIA--TÉRMINO DE MATERIA
Término de materia o nombre geográfico como elemento de entrada Aguas minerales-
Subdivisión geográfica Alhama de Aragón.
9 (RLIN) 159261
852 4# - LOCALIZACIÓN
Ubicación ES-MaACL
Número de control de estantería T-56-F-4
Nota libre - Enc. hol., falto de cub. original
-- - Enc. en un vol. facticio
856 4# - LOCALIZACIÓN Y ACCESO ELECTRÓNICOS
Identificador Uniforme de Recursos <a href="http://simurg.bibliotecas.csic.es/viewer/piresolver?id=CSIC001081944">http://simurg.bibliotecas.csic.es/viewer/piresolver?id=CSIC001081944</a>
Nota pública Fondos digitalizados del CSIC
Holdings
Estatus retirado Estado de pérdida Estado de daño No para préstamo Colección Biblioteca de origen Biblioteca actual Ubicación en estantería Fecha de adquisición Total de préstamos Signatura topográfica completa Código de barras Visto por última vez Precio de reemplazo Tipo de ítem Koha
        Colección de folletos Biblioteca del Ateneo de Madrid Biblioteca del Ateneo de Madrid Depósito folletos 17/01/2008   T-56-F-4 1169124 23/02/2023 23/02/2023 Folleto